El caos de las sectas / (Registro nro. 46662)
[ vista simple ]
| 000 -LEADER | |
|---|---|
| campo de control de longitud fija | 02230cam a22004934i 4500 |
| 003 - IDENTIFICADOR DE NÚMERO DE CONTROL | |
| campo de control | PE-LiUPU |
| 005 - FECHA Y HORA DE LA ÚLTIMA TRANSACCIÓN | |
| campo de control | 20250731173322.0 |
| 008 - DATOS DE LONGITUD FIJA--INFORMACIÓN GENERAL | |
| campo de control de longitud fija | 150625s2006 xxu rb 000 0 spa d |
| 020 ## - NÚMERO INTERNACIONAL ESTÁNDAR DEL LIBRO | |
| Número Internacional Estándar del Libro | 1558834508 |
| 035 ## - NÚMERO DE CONTROL DEL SISTEMA | |
| Número de control de sistema | (Sirsi) i9781558834507 |
| 040 ## - FUENTE DE CATALOGACIÓN | |
| Centro catalogador/agencia de origen | PE-LiUPU |
| Lengua de catalogación | spa |
| Centro/agencia transcriptor | PE-LiUPU |
| Normas de descripción | rda |
| 049 ## - FONDOS LOCALES (OCLC) | |
| Biblioteca depositaria | PRUA |
| 082 04 - NÚMERO DE LA CLASIFICACIÓN DECIMAL DEWEY | |
| Número de clasificación | 280.4 |
| Cutter | V28 |
| Número de edición | 21 |
| 100 1# - ENTRADA PRINCIPAL--NOMBRE DE PERSONA | |
| Nombre de persona | Van Baalen, Jan Karel, |
| Fechas asociadas al nombre | 1890-1968, |
| Término indicativo de función/relación | autor. |
| 245 13 - MENCIÓN DEL TÍTULO | |
| Título | El caos de las sectas / |
| Mención de responsabilidad, etc. | J. K. Van Baalen y Alberto F. Roldán. |
| 250 ## - MENCION DE EDICION | |
| Mención de edición | 2a edición. |
| 264 #1 - PRODUCCIÓN, PUBLICACIÓN, DISTRIBUCIÓN, FABRICACIÓN Y COPYRIGHT | |
| Producción, publicación, distribución, fabricación y copyright | Grand Rapids, MI : |
| Nombre del de productor, editor, distribuidor, fabricante | Libros Desafío, |
| Fecha de producción, publicación, distribución, fabricación o copyright | 2006. |
| 300 ## - DESCRIPCIÓN FÍSICA | |
| Extensión | 399 páginas ; |
| Dimensiones | 23 centímetros |
| 336 ## - TIPO DE CONTENIDO | |
| Término de tipo de contenido | text |
| Fuente | rdacontent |
| 337 ## - TIPO DE MEDIO | |
| Nombre/término del tipo de medio | unmediated |
| Fuente | rdamedia |
| 338 ## - TIPO DE SOPORTE | |
| Nombre/término del tipo de soporte | volume |
| Fuente | rdacarrier |
| 504 ## - NOTA DE BIBLIOGRAFÍA, ETC. | |
| Nota de bibliografía, etc. | Notas bibliográficas al pie de algunas páginas. |
| 505 0# - NOTA DE CONTENIDO CON FORMATO | |
| Nota de contenido con formato | Definición del tema a tratar -- la astrología. -El espiritismo -- la teosofía -- la ciencia cristiana -- la Rosacruz -- la escuela de cristianismo de la unidad -- el behaísmo el destino de América -- el swedenborgianismo -- el mormonismo -- el adventismo del séptimo día -- los testigos de Jehová -- el rearmamento moral -- el unitarismo-modernismo -- el libro y la fe -- Modo de comportarse con los miembros de las sectas -- la religión cristiana -- las facturas impagadas de la iglesia -- Presencia de las sectas en América Latina. |
| 526 ## - NOTA DE INFORMACIÓN SOBRE EL PROGRAMA DE ESTUDIO | |
| Nombre del programa | Segunda Especialidad En Profecías Bíblicas |
| 526 ## - NOTA DE INFORMACIÓN SOBRE EL PROGRAMA DE ESTUDIO | |
| Nombre del programa | Segunda Especialidad En Nuevo Testamento |
| 526 ## - NOTA DE INFORMACIÓN SOBRE EL PROGRAMA DE ESTUDIO | |
| Nombre del programa | Segunda Especialidad En Antiguo Testamento |
| 526 ## - NOTA DE INFORMACIÓN SOBRE EL PROGRAMA DE ESTUDIO | |
| Nombre del programa | Segunda Especialidad En Estudios Adventistas |
| 526 ## - NOTA DE INFORMACIÓN SOBRE EL PROGRAMA DE ESTUDIO | |
| Nombre del programa | Doctorado en teología |
| 526 ## - NOTA DE INFORMACIÓN SOBRE EL PROGRAMA DE ESTUDIO | |
| Nombre del programa | Maestría en teología histórica |
| 526 ## - NOTA DE INFORMACIÓN SOBRE EL PROGRAMA DE ESTUDIO | |
| Nombre del programa | Maestría en teología bíblica |
| 526 ## - NOTA DE INFORMACIÓN SOBRE EL PROGRAMA DE ESTUDIO | |
| Nombre del programa | Maestría en teología |
| 526 ## - NOTA DE INFORMACIÓN SOBRE EL PROGRAMA DE ESTUDIO | |
| Nombre del programa | Maestría en misionología |
| 526 ## - NOTA DE INFORMACIÓN SOBRE EL PROGRAMA DE ESTUDIO | |
| Nombre del programa | Maestría en liderazgo eclesiástico |
| 526 ## - NOTA DE INFORMACIÓN SOBRE EL PROGRAMA DE ESTUDIO | |
| Nombre del programa | Teología |
| 541 ## - NOTA DE FUENTE DE ADQUISICIÓN DIRECTA | |
| -- | 003-0003441; |
| 596 ## - | |
| -- | 1 |
| 650 04 - PUNTO DE ACCESO ADICIONAL DE MATERIA--TÉRMINO DE MATERIA | |
| Término de materia o nombre geográfico como elemento de entrada | Estados Unidos |
| Subdivisión general | Religion. |
| 650 04 - PUNTO DE ACCESO ADICIONAL DE MATERIA--TÉRMINO DE MATERIA | |
| Término de materia o nombre geográfico como elemento de entrada | Sectas |
| Subdivisión geográfica | Estados Unidos. |
| 700 1# - ENTRADA AGREGADA--NOMBRE PERSONAL | |
| Nombre de persona | Roldán, Alberto F., |
| Término indicativo de función/relación | autor. |
| 942 ## - ELEMENTOS DE ENTRADA SECUNDARIOS (KOHA) | |
| Fuente del sistema de clasificación o colocación | Clasificación Decimal Dewey |
| Tipo de ítem Koha | |
| 949 ## - PROCESAMIENTO DE INFORMACIÓN LOCAL (OCLC) | |
| a | 280.4 V28 |
| w | DEWEY |
| c | 1 |
| i | 57647 |
| d | 2016-3-27 |
| e | 2016-3-23 |
| l | CCODEBUL1 |
| m | BUL |
| n | 2 |
| p | 11.00 |
| r | 0 |
| s | Y |
| t | BOOK |
| u | 2015-6-25 |
| x | TEOLOGIA |
| z | UNKNOWN |
| 0 | COMPRA |
| o | .STAFF. Colección Teología |
| 994 ## - | |
| -- | C0 |
| -- | PEPRU |
| 999 ## - NÚMEROS DE CONTROL DE SISTEMA (KOHA) | |
| -- | DEWEY |
| -- | 57647 |
| -- | 2016-3-23 |
| -- | 2021-11-11 |
| -- | 5 |
| -- | CCODEBUL1 |
| -- | BUL |
| -- | 2 |
| -- | 11.00 |
| -- | 1 |
| -- | 0 |
| -- | Y |
| -- | BOOK |
| -- | 2015-6-25 |
| -- | TEOLOGIA |
| -- | P35 |
| -- | COMPRA |
| -- | .STAFF. Colección Teología |
| 980 ## - EQUIVALENCIA O REFERENCIA-CRUZADA-MENCIÓN DE SERIE--NOMBRE DE PERSONA/TÍTULO [LOCAL, CANADÁ] | |
| ID del último usuario que modificó el registro | 1 |
| Nombre del último usuario que modificó el registro | ALBERTO SANCHEZ Responsable de Automatización |
| Visto por última vez | Número de inventario | Total de préstamos | Signatura topográfica completa | Código de barras | Fecha del último préstamo | Copia número | Coste, precio de reemplazo | Fecha de reemplazo | Facultad | Tipo de ítem Koha | Nota pública | Estado de pérdida | Fuente del sistema de clasificación o colocación | Restricciones de uso | No para préstamo | Colección | Programa académico | Biblioteca de origen | Biblioteca actual | Ubicación en estantería | Fecha de adquisición | Fuente de adquisición | Coste, precio normal de compra |
|---|---|---|---|---|---|---|---|---|---|---|---|---|---|---|---|---|---|---|---|---|---|---|---|
| 2025-12-02 | 6 | 3 | 280.4 V28 | 57647 | 2022-11-22 | e1 | 16.00 | 2015-06-25 | Libros físicos | inventario-2023-12-13 | No Perdido | Clasificación Decimal Dewey | No restringido | Disponible para préstamos | Colección General | Teología | Biblioteca CRAI UPeU Lima | Biblioteca CRAI UPeU Lima | Sala principal | 2015-06-25 | COMPRA | 11.00 |